Les pilotes Benetton en Formule 1 - Statistiques

Statistiques générales
  • Ce quiz a été pris 321 fois
    179 depuis la dernière actualisation
  • Le résultat moyen est 8 sur 17
Statistiques - réponses
Nb de Grands Prix Saisons Nationalité Pilote % Correct
68 1991-1995 Allemagne Michael Schumacher
99%
10 1994 Pays-Bas Jos Verstappen
78%
33 1996-1997 France Jean Alesi
74%
46 1986, 1996-1997 Autriche Gerhard Berger
71%
66 1998-2001 Italie Giancarlo Fisichella
66%
32 1990-1991 Brésil Nelson Piquet
63%
32 1987-1988 Belgique Thierry Boutsen
58%
52 1997-2000 Autriche Alexander Wurz
47%
17 2001 Royaume-Uni Jenson Button
46%
16 1993 Italie Riccardo Patrese
46%
24 1989, 1994-1995 Royaume-Uni Johnny Herbert
41%
46 1988-1990 Italie Alessandro Nannini
34%
16 1992 Royaume-Uni Martin Brundle
33%
13 1990-1991 Brésil Roberto Moreno
31%
6 1994 Finlande JJ Lehto
29%
32 1986-1987 Italie Teo Fabi
18%
10 1989 Italie Emanuele Pirro
10%
Aucun quiz correspondant
Distribution des résultats
% des personnes avec chaque résultat
Percentile par nombre de réponses
Votre historique - résultats
Vous n’avez pas pris ce quiz depuis la dernière actualisation